Impedance Spectroscopy (Record no. 9648)
[ view plain ]
| 000 -LEADER | |
|---|---|
| fixed length control field | 00669nam a2200121Ia 4500 |
| 008 - FIXED-LENGTH DATA ELEMENTS--GENERAL INFORMATION | |
| fixed length control field | 220615s9999||||xx |||||||||||||| ||und|| |
| 245 #0 - TITLE STATEMENT | |
| Title | Impedance Spectroscopy |
| Remainder of title | Advanced Applications: Battery Research, Bioimpedance, System Design |
| 546 ## - LANGUAGE NOTE | |
| Language note | English[eng] |
| 650 ## - SUBJECT ADDED ENTRY--TOPICAL TERM | |
| Topical term or geographic name entry element | Engineering||International Workshop on Impedance Spectroscopy||Electrochemistry and Battery Research||Bioimpedance Measurement||Sensors |
| 700 ## - ADDED ENTRY--PERSONAL NAME | |
| Personal name | Kanoun, Olfa |
| 856 ## - ELECTRONIC LOCATION AND ACCESS | |
| Uniform Resource Identifier | <a href="https://library.oapen.org/bitstream/20.500.12657/25190/1/1004900.pdf||https://library.oapen.org/bitstream/20.500.12657/25190/1/1004900.pdf||https://library.oapen.org/bitstream/20.500.12657/25190/1/1004900.pdf">https://library.oapen.org/bitstream/20.500.12657/25190/1/1004900.pdf||https://library.oapen.org/bitstream/20.500.12657/25190/1/1004900.pdf||https://library.oapen.org/bitstream/20.500.12657/25190/1/1004900.pdf</a> |
| 942 ## - ADDED ENTRY ELEMENTS (KOHA) | |
| Koha item type | E-Books |
| Withdrawn status | Lost status | Damaged status | Not for loan | Home library | Current library | Date acquired | Total Checkouts | Date last seen | Price effective from | Koha item type |
|---|---|---|---|---|---|---|---|---|---|---|
| Kerala University of Digital Sciences, Innovation and Technology Knowledge Centre | Kerala University of Digital Sciences, Innovation and Technology Knowledge Centre | 15/06/2022 | 15/06/2022 | 15/06/2022 | E-Books |